01291cas a2200337 a 45000010009000000050017000090080037000260100017000630200015000800200018000950350024001130400025001370420007001620500019001690820020001881110043002082450236002512600042004873000035005293100011005643620016005755900032005916500048006236500050006716530021007217000029007427000026007719420012007979990017008099520127008261145359720040314174718.0950131s1995enkar |r 101 0 eng  a 95645948  a0412636301 a9780412636301 a(OCoLC)ocm31911596  aDLCcDLCdMiUdOCoLC alc00aTA658.8b.I45a00a624.17222bREL2 aIFIP WG 7.5 Working Conference.92763510aReliability and optimization of structural systems :bProceedings of the Sixth IFIP WG7.5 working conference on Reliability and Optimization of Structural Systems, 1994 /cEdited by Rudiger Rackwitz; Guiliano Augusti; Antonio Borri aLondon :bChapman & Hall, 1995.c1995 avii, 312 p. : bill. ;c24 cm. aAnnual0 aLst (1987)- aSERBIB/SERLOC merged record 0aStructural optimizationvCongresses.927636 0aReliability (Engineering)vCongresses.927637 bCivcOctober2011 927638aAugusti, Guiliano 927639aBorri, Antonio 2ddccBB c16172d16172 00102ddc40708sorazbkaMAINbMAINc1STd2011-10-27epurchaseg160.00l0o624.17 RELp000025511r2025-07-15 00:00:00yBB